000 01309nam a2200313 c 4500
003 BLK
005 20180422111729.0
008 180409b bul|||||r ||||||| ||bul||
010 _aKNG00139296000
040 _aBLK
041 _aBUL
_cBUL
080 _aБългарска литература
_b821.163.2
_x-93-1
_z821.163.2-93-1
100 1 _aВазов, Иван Минчов
_eпърви автор
_9363396
700 1 _aВълчев, Величко
_eподб. и предг.
_9369332
700 1 _aКьосев, Иван
_eхудож.
_9367385
139 _aВазов, Иван Минчов
_bВ 15
245 1 0 _aАз съм българче
_bСтихотворения за деца : За ранна училищна възраст
_cИван Минчов Вазов; подб. и предг. Величко Вълчев; худож. Иван Кьосев.
257 _aBGR
260 София
_bНар. младеж
_c1958
300 _a86 с.
_bс ил.
_c18 см
380 _aDX
490 1 _aМасова библиотека Пчелица
500 _a30 000 тир.
852 _aЦб І 34342
856 4 _qpdf
_u
856 4 _qpdf
_u
942 _cKNG
_n0
944 _aCR
_c08.02.2013
_l08.02.2013 - от С1,Р / 08.02.2013
_kЕлица_Владова
944 _aED
_c08.02.2013
_l08.02.2013 - от С1,Р / 08.02.2013
_k
999 _c133402
_d133402